Guess the Fusion Rock Song Lyrics #353 - Statistics

General Stats
  • This quiz has been taken 14 times
  • The average score is 183 of 241
Answer Stats
Answer % Correct
a
100%
and
100%
And
100%
be
100%
I
100%
it
100%
it's
100%
love
100%
to
100%
you
100%
your
100%
do
92%
hear
92%
in
92%
me
92%
the
92%
The
92%
with
92%
You're
92%
all
83%
got
83%
my
83%
on
83%
so
83%
time
83%
way
83%
When
83%
I'm
75%
just
75%
know
75%
only
75%
say
75%
there
75%
things
75%
At
67%
every
67%
gonna
67%
nice
67%
Oh
67%
that's
67%
up
67%
Baby
58%
down
58%
girl
58%
gotta
58%
Have
58%
need
58%
night
58%
something
58%
about
50%
feeling
50%
please
50%
real
50%
mean
42%
pick
42%
Aw
33%
away
33%
believe
33%
call
33%
cry
33%
darling
33%
dreaming
33%
Gallery
33%
Honey
33%
little
33%
lot
33%
name
33%
shoulder
33%
help
25%
last
25%
better
17%
carry
17%
causing
17%
chase
17%
commotion
17%
ease
17%
lifetime
17%
notion
17%
pain
17%
rain
17%
soul
17%
room
8%
Darkness
0%
fills
0%
No matching quizzes found
Score Distribution
Percent of People with Each Score
Percentile by Number Answered
Your Score History
You have not taken this quiz